[Event "Baku Chess Olympiad | Open"]
[Site "chess24.com"]
[Date "2016.09.03"]
[Round "2"]
[White "Ali, Muhammad Lutfi"]
[Black "Adams, Michael"]
[Result "*"]
[Board "1"]
[WhiteID "7103743"]
[WhiteElo "2411"]
[WhiteTitle "IM"]
[WhiteCountry "INA"]
[WhiteFideId "7103743"]
[BlackID "400041"]
[BlackElo "2738"]
[BlackTitle "GM"]
[BlackCountry "ENG"]
[BlackFideId "400041"]

1. e4 {[%clk 1:30:55]} e5 {[%clk 1:30:53]} 2. Nf3 {[%clk 1:31:13]} Nc6 {[%clk
1:31:17]} 3. Bb5 {[%clk 1:31:32]} a6 {[%clk 1:31:37]} 4. Ba4 {[%clk 1:31:44]} Nf6
{[%clk 1:31:58]} 5. O-O {[%clk 1:31:34]} Be7 {[%clk 1:32:08]} 6. Re1 {[%clk
1:31:50]} b5 {[%clk 1:32:30]} 7. Bb3 {[%clk 1:32:15]} d6 {[%clk 1:32:53]} 8. c3
{[%clk 1:32:14]} O-O {[%clk 1:33:05]} 9. h3 {[%clk 1:32:23]} Nb8 {[%clk 1:33:13]}
10. d4 {[%clk 1:32:21]} Nbd7 {[%clk 1:33:31]} 11. Nbd2 {[%clk 1:32:25]} Bb7
{[%clk 1:33:52]} 12. Bc2 {[%clk 1:32:32]} Re8 {[%clk 1:34:01]} 13. Nf1 {[%clk
1:32:38]} Bf8 {[%clk 1:34:25]} 14. Ng3 {[%clk 1:32:54]} g6 {[%clk 1:34:38]} 15.
a4 {[%clk 1:32:25]} c5 {[%clk 1:34:07]} 16. d5 {[%clk 1:32:33]} c4 {[%clk
1:33:44]} 17. Bg5 {[%clk 1:31:49]} Bg7 {[%clk 1:32:58]} 18. Qd2 {[%clk 1:24:30]}
Nc5 {[%clk 1:33:00]} 19. Ra3 {[%clk 1:17:29]} Qc7 {[%clk 1:29:08]} 20. Rea1
{[%clk 1:06:42]} Reb8 {[%clk 1:24:15]} 21. axb5 {[%clk 0:56:14]} axb5 {[%clk
1:24:35]} 22. Rxa8 {[%clk 0:56:17]} Rxa8 {[%clk 1:22:11]} 23. Rxa8+ {[%clk
0:51:23]} Bxa8 {[%clk 1:22:40]} 24. Bh6 {[%clk 0:49:19]} Bh8 {[%clk 0:48:37]} 25.
Kh2 {[%clk 0:42:46]} Bb7 {[%clk 0:47:44]} 26. Nh4 {[%clk 0:34:54]} Bc8 {[%clk
0:40:01]} 27. Qe3 {[%clk 0:25:10]} Bg7 {[%clk 0:29:47]} 28. Bxg7 {[%clk 0:18:48]}
Kxg7 {[%clk 0:30:15]} 29. Nhf5+ {[%clk 0:17:15]} Bxf5 {[%clk 0:28:28]} 30. Nxf5+
{[%clk 0:17:40]} Kg8 {[%clk 0:26:14]} 31. Nh6+ {[%clk 0:15:44]} Kf8 {[%clk
0:25:33]} 32. Qf3 {[%clk 0:14:57]} Kg7 {[%clk 0:23:25]} 33. Ng4 {[%clk 0:08:50]}
Nxg4+ {[%clk 0:20:43]} 34. Qxg4 {[%clk 0:09:15]} Qb6 {[%clk 0:11:13]} 35. Qe2
{[%clk 0:07:10]} Qa5 {[%clk 0:08:40]} 36. Qe1 {[%clk 0:02:12]} Qa2 {[%clk
0:08:28]} 37. Qc1 {[%clk 0:01:31]} Nd3 {[%clk 0:07:06]} 38. Bxd3 {[%clk 0:01:56]}
cxd3 {[%clk 0:07:35]} 39. Qd1 {[%clk 0:01:37]} Qxb2 {[%clk 0:06:31]} 40. Qxd3
{[%clk 0:32:03]} Qxf2 {[%clk 0:36:57]} 41. Qxb5 {[%clk 0:32:07]} Qf4+ {[%clk
0:34:13]} 42. Kh1 {[%clk 0:32:09]} Qc1+ {[%clk 0:31:57]} 43. Kh2 {[%clk 0:32:35]}
Qf4+ {[%clk 0:30:47]} 44. Kh1 {[%clk 0:33:01]} Qc1+ {[%clk 0:31:13]} 45. Kh2
{[%clk 0:33:27]} Qxc3 {[%clk 0:31:39]} 46. Qd7 {[%clk 0:31:10]} Qb4 {[%clk
0:30:35]} 47. Qd8 {[%clk 0:30:43]} h5 {[%clk 0:29:23]} 48. Kh1 {[%clk 0:20:46]}
Qxe4 {[%clk 0:21:26]} 49. Qxd6 {[%clk 0:21:12]} Qd4 {[%clk 0:19:51]} 50. Qd8
{[%clk 0:20:04]} e4 {[%clk 0:13:21]} 51. d6 {[%clk 0:20:06]} Qa1+ {[%clk
0:11:12]} 52. Kh2 {[%clk 0:20:28]} Qe5+ {[%clk 0:11:35]} 53. Kh1 {[%clk 0:13:18]}
e3 {[%clk 0:08:59]} 54. Qe7 {[%clk 0:13:40]} Qe6 {[%clk 0:08:25]} 55. Qxe6 {[%clk
0:12:45]} fxe6 {[%clk 0:08:53]} 56. d7 {[%clk 0:13:07]} e2 {[%clk 0:09:21]} 57.
d8Q {[%clk 0:13:30]} e1Q+ {[%clk 0:09:46]} 58. Kh2 {[%clk 0:13:56]} Qe5+ {[%clk
0:09:16]} 59. g3 {[%clk 0:11:33]} Qc5 {[%clk 0:07:31]} 60. h4 {[%clk 0:10:18]}
Kf7 {[%clk 0:06:34]} 61. Qd7+ {[%clk 0:09:52]} Qe7 {[%clk 0:06:52]} 62. Qc6
{[%clk 0:09:05]} e5 {[%clk 0:06:29]} 63. Qc4+ {[%clk 0:09:08]} Qe6 {[%clk
0:06:42]} 64. Qc7+ {[%clk 0:08:53]} Kf6 {[%clk 0:07:05]} 65. Qd8+ {[%clk
0:08:52]} Qe7 {[%clk 0:06:42]} 66. Qh8+ {[%clk 0:08:56]} Ke6 {[%clk 0:06:34]} 67.
Qc8+ {[%clk 0:08:38]} Qd7 {[%clk 0:06:55]} 68. Qg8+ {[%clk 0:08:51]} Kf5 {[%clk
0:07:19]} 69. Qf8+ {[%clk 0:08:50]} Kg4 {[%clk 0:05:44]} 70. Qf2 {[%clk 0:02:22]}
Qc6 {[%clk 0:05:11]} 71. Qd2 {[%clk 0:01:41]} Kf5 {[%clk 0:03:50]} 72. Qf2+
{[%clk 0:02:00]} Ke6 {[%clk 0:04:13]} 73. Qa2+ {[%clk 0:02:22]} Qd5 {[%clk
0:04:08]} 74. Qa6+ {[%clk 0:02:11]} Qd6 {[%clk 0:03:56]} 75. Qc4+ {[%clk
0:02:15]} Kf6 {[%clk 0:04:19]} 76. Qe4 {[%clk 0:02:19]} Qd2+ {[%clk 0:04:22]} 77.
Kh3 {[%clk 0:02:33]} Qd4 {[%clk 0:03:32]} 78. Qc6+ {[%clk 0:02:46]} Kf7 {[%clk
0:03:56]} 79. Qb7+ {[%clk 0:02:50]} Ke6 {[%clk 0:04:17]} 80. Qc6+ {[%clk
0:03:06]} Qd6 {[%clk 0:04:35]} 81. Qe4 {[%clk 0:03:06]} Kf7 {[%clk 0:04:30]} 82.
Kh2 {[%clk 0:03:04]} Qd2+ {[%clk 0:04:26]} 83. Kh3 {[%clk 0:03:16]} Qd7+ {[%clk
0:04:43]} 84. Kh2 {[%clk 0:03:39]} Qf5 {[%clk 0:04:20]} 85. Qb7+ {[%clk 0:03:44]}
Kf6 {[%clk 0:04:43]} 86. Qc6+ {[%clk 0:04:01]} Qe6 {[%clk 0:05:04]} 87. Qf3+
{[%clk 0:04:26]} Kg7 {[%clk 0:05:00]} 88. Qe4 {[%clk 0:03:29]} Qf5 {[%clk
0:05:01]} 89. Qb7+ {[%clk 0:03:49]} Qf7 {[%clk 0:05:25]} 90. Qb2 {[%clk 0:03:35]}
Qd5 {[%clk 0:05:42]} 91. Qc3 {[%clk 0:03:21]} Kf6 {[%clk 0:06:05]} 92. Qb2 {[%clk
0:02:42]} Kf5 {[%clk 0:05:57]} 93. Qc1 {[%clk 0:02:23]} Kf6 {[%clk 0:05:00]} 94.
Qg5+ {[%clk 0:01:44]} Kf7 {[%clk 0:05:23]} 95. Qe3 {[%clk 0:01:37]} Ke6 {[%clk
0:05:00]} 96. Qc1 {[%clk 0:01:18]} Kd7 {[%clk 0:04:11]} 97. Qh6 {[%clk 0:01:11]}
Qa2+ {[%clk 0:04:22]} 98. Kh3 {[%clk 0:01:30]} Qe6+ {[%clk 0:04:38]} 99. Kg2
{[%clk 0:01:47]} Qc6+ {[%clk 0:04:41]} 100. Kh2 {[%clk 0:02:00]} Qc2+ {[%clk
0:05:04]} 101. Kh3 {[%clk 0:02:11]} Ke6 {[%clk 0:05:21]} 102. Qh8 {[%clk
0:02:18]} Qc6 {[%clk 0:05:06]} 103. Qg8+ {[%clk 0:02:38]} Kf5 {[%clk 0:05:04]}
104. Qf8+ {[%clk 0:02:37]} Ke4 {[%clk 0:05:06]} 105. Qb4+ {[%clk 0:02:48]} Kd5
{[%clk 0:05:32]} 106. Qb3+ {[%clk 0:02:58]} Kd6 {[%clk 0:05:50]} 107. Qa3+ {[%clk
0:03:02]} Kd7 {[%clk 0:05:40]} 108. Qa7+ {[%clk 0:03:20]} Kc8 {[%clk 0:06:04]}
109. Qa1 {[%clk 0:02:17]} e4 {[%clk 0:04:52]} 110. Qh8+ {[%clk 0:02:28]} Kc7
{[%clk 0:05:17]} 111. Qe5+ {[%clk 0:02:41]} Kb6 {[%clk 0:05:41]} 112. Qb2+ {[%clk
0:02:39]} Kc5 {[%clk 0:05:58]} 113. Kh2 {[%clk 0:01:56]} Qd5 {[%clk 0:05:11]}
114. Qc3+ {[%clk 0:02:12]} Kb5 {[%clk 0:05:22]} 115. Qb2+ {[%clk 0:02:32]} Kc6
{[%clk 0:05:40]} 116. Qc3+ {[%clk 0:02:18]} Qc5 {[%clk 0:05:57]} 117. Qf6+ {[%clk
0:02:34]} Qd6 {[%clk 0:06:21]} 118. Qc3+ {[%clk 0:02:56]} Kd5 {[%clk 0:06:40]}
119. Qb3+ {[%clk 0:03:10]} Ke5 {[%clk 0:06:57]} 120. Qc3+ {[%clk 0:03:20]} Kf5
{[%clk 0:06:46]} 121. Qc8+ {[%clk 0:03:35]} Kf6 {[%clk 0:06:49]} 122. Qh8+ {[%clk
0:03:52]} Ke6 {[%clk 0:07:06]} 123. Qe8+ {[%clk 0:04:00]} Kd5 {[%clk 0:07:28]}
124. Qa8+ {[%clk 0:03:31]} Qc6 {[%clk 0:07:10]} 125. Qa2+ {[%clk 0:02:07]} Qc4
{[%clk 0:07:10]} 126. Qa5+ {[%clk 0:01:40]} Kd4 {[%clk 0:06:15]} 127. Qd2+ {[%clk
0:01:50]} Qd3 {[%clk 0:06:34]} 128. Qb2+ {[%clk 0:01:30]} Ke3 {[%clk 0:05:14]}
129. Qb6+ {[%clk 0:01:42]} Kd2 {[%clk 0:05:29]} 130. Qxg6 {[%clk 0:00:46]} e3
{[%clk 0:05:11]} 131. Qg5 {[%clk 0:01:01]} Ke1 {[%clk 0:04:20]} 132. Qe5 {[%clk
0:00:45]} Qe2+ {[%clk 0:03:32]} 133. Kg1 {[%clk 0:00:59]} Qf2+ {[%clk 0:02:45]}
134. Kh1 {[%clk 0:01:25]} Qf3+ {[%clk 0:03:13]} 135. Kh2 {[%clk 0:01:13]} Kf2
{[%clk 0:02:31]} 136. Qb2+ {[%clk 0:01:36]} Qe2 {[%clk 0:02:48]} 137. Qb7 {[%clk
0:01:21]} Qd2 {[%clk 0:02:08]} 138. Qe4 {[%clk 0:00:39]} Ke1+ {[%clk 0:01:18]}
139. Kh3 {[%clk 0:00:43]} Qd7+ {[%clk 0:01:03]} 140. Kg2 {[%clk 0:01:01]} Qd2+
{[%clk 0:01:31]} 141. Kh3 {[%clk 0:01:26]} e2 {[%clk 0:01:30]} 142. Kg2 {[%clk
0:01:22]} Qb2 {[%clk 0:01:32]} 143. Qd5 {[%clk 0:01:03]} Qc3 {[%clk 0:01:13]}
144. Qd6 {[%clk 0:00:53]} Qb3 {[%clk 0:00:57]} 145. Qd4 {[%clk 0:00:59]} Qb7+
{[%clk 0:01:22]} 146. Kg1 {[%clk 0:01:21]} Qb3 {[%clk 0:00:35]} 147. Kg2 {[%clk
0:01:37]} Qa3 {[%clk 0:00:49]} 148. Qd5 {[%clk 0:00:55]} Qc3 {[%clk 0:00:52]}
149. Qd6 {[%clk 0:00:43]} *

[Event "Baku Chess Olympiad | Open"]
[Site "chess24.com"]
[Date "2016.09.03"]
[Round "2"]
[White "Short, Nigel D"]
[Black "Pasaribu, Ivan Maxmillian Putra"]
[Result "1-0"]
[Board "4"]
[WhiteID "400025"]
[WhiteElo "2666"]
[WhiteTitle "GM"]
[WhiteCountry "ENG"]
[WhiteFideId "400025"]
[WhiteEloChange "1"]
[BlackID "7104219"]
[BlackElo "1860"]
[BlackTitle "FM"]
[BlackCountry "INA"]
[BlackFideId "7104219"]
[BlackEloChange "-2"]

1. c4 {[%clk 1:30:47]} Nf6 {[%clk 1:30:41]} 2. Nc3 {[%clk 1:31:02]} e6 {[%clk
1:30:53]} 3. e4 {[%clk 1:30:57]} c5 {[%clk 1:31:09]} 4. e5 {[%clk 1:28:52]} Ng8
{[%clk 1:31:28]} 5. Nf3 {[%clk 1:29:16]} Nc6 {[%clk 1:31:40]} 6. d4 {[%clk
1:29:41]} cxd4 {[%clk 1:31:42]} 7. Nxd4 {[%clk 1:29:55]} Nxe5 {[%clk 1:31:52]} 8.
Ndb5 {[%clk 1:30:18]} a6 {[%clk 1:30:11]} 9. Nd6+ {[%clk 1:30:42]} Bxd6 {[%clk
1:30:35]} 10. Qxd6 {[%clk 1:31:06]} f6 {[%clk 1:30:40]} 11. Be3 {[%clk 1:31:27]}
Ne7 {[%clk 1:30:01]} 12. Bb6 {[%clk 1:31:37]} Nf5 {[%clk 1:30:17]} 13. Qb4 {[%clk
1:28:21]} Qe7 {[%clk 1:15:06]} 14. Qxe7+ {[%clk 1:24:56]} Kxe7 {[%clk 1:15:06]}
15. f4 {[%clk 1:22:28]} Nc6 {[%clk 0:50:54]} 16. Bd3 {[%clk 1:18:13]} Nfd4 {[%clk
0:47:36]} 17. O-O-O {[%clk 1:18:22]} d6 {[%clk 0:37:40]} 18. Rhe1 {[%clk
0:44:46]} e5 {[%clk 0:30:25]} 19. c5 {[%clk 0:43:57]} Bg4 {[%clk 0:18:43]} 20.
cxd6+ {[%clk 0:40:41]} Kd7 {[%clk 0:17:41]} 21. Rd2 {[%clk 0:39:42]} Rac8 {[%clk
0:14:04]} 22. fxe5 {[%clk 0:38:38]} fxe5 {[%clk 0:13:04]} 23. Kb1 {[%clk
0:33:48]} Rhf8 {[%clk 0:08:57]} 24. Bxh7 {[%clk 0:32:12]} Bf5+ {[%clk 0:06:16]}
25. Bxf5+ {[%clk 0:32:25]} Rxf5 {[%clk 0:06:44]} 26. Bc7 {[%clk 0:28:22]} Rcf8
{[%clk 0:03:59]} 27. Na4 {[%clk 0:27:41]} Rf1 {[%clk 0:02:10]} 28. Rdd1 {[%clk
0:27:37]} Rxe1 {[%clk 0:01:34]} 29. Rxe1 {[%clk 0:27:48]} Rh8 {[%clk 0:01:07]}
30. Nc5+ {[%clk 0:25:23]} Kc8 {[%clk 0:01:32]} 31. Bb6 {[%clk 0:25:49]} Rf8
{[%clk 0:00:42]} 32. d7+ {[%clk 0:25:59]} Kb8 {[%clk 0:01:09]} 33. d8Q+ {[%clk
0:25:55]} 1-0

[Event "Baku Chess Olympiad | Open"]
[Site "chess24.com"]
[Date "2016.09.03"]
[Round "2"]
[White "Baburin, Alexander"]
[Black "Vachier-Lagrave, Maxime"]
[Result "1/2-1/2"]
[Board "1"]
[WhiteID "2500914"]
[WhiteElo "2487"]
[WhiteTitle "GM"]
[WhiteCountry "IRL"]
[WhiteFideId "2500914"]
[WhiteEloChange "4"]
[BlackID "623539"]
[BlackElo "2813"]
[BlackTitle "GM"]
[BlackCountry "FRA"]
[BlackFideId "623539"]
[BlackEloChange "-4"]

1. d4 {[%clk 1:30:56]} Nf6 {[%clk 1:30:58]} 2. c4 {[%clk 1:31:19]} g6 {[%clk
1:31:25]} 3. Nf3 {[%clk 1:31:40]} Bg7 {[%clk 1:31:50]} 4. g3 {[%clk 1:32:05]} d5
{[%clk 1:32:12]} 5. cxd5 {[%clk 1:31:55]} Nxd5 {[%clk 1:32:36]} 6. Bg2 {[%clk
1:32:21]} Nb6 {[%clk 1:33:02]} 7. O-O {[%clk 1:32:27]} Nc6 {[%clk 1:33:27]} 8. e3
{[%clk 1:32:44]} O-O {[%clk 1:32:33]} 9. Nc3 {[%clk 1:32:52]} Re8 {[%clk
1:32:56]} 10. d5 {[%clk 1:26:46]} Na5 {[%clk 1:27:57]} 11. Nd4 {[%clk 1:27:02]}
Bd7 {[%clk 1:25:59]} 12. b3 {[%clk 1:24:33]} Rc8 {[%clk 1:18:41]} 13. e4 {[%clk
1:12:50]} c6 {[%clk 1:13:21]} 14. Be3 {[%clk 1:10:36]} cxd5 {[%clk 1:10:24]} 15.
Nxd5 {[%clk 1:06:03]} e5 {[%clk 1:02:06]} 16. Nxb6 {[%clk 0:56:53]} exd4 {[%clk
0:55:38]} 17. Nxc8 {[%clk 0:52:10]} dxe3 {[%clk 0:52:58]} 18. Nd6 {[%clk
0:48:17]} Bxa1 {[%clk 0:52:58]} 19. Nxe8 {[%clk 0:44:01]} Be5 {[%clk 0:49:52]}
20. Bh3 {[%clk 0:31:14]} e2 {[%clk 0:50:02]} 21. Qxd7 {[%clk 0:31:22]} exf1Q+
{[%clk 0:50:23]} 22. Kxf1 {[%clk 0:31:47]} Qxd7 {[%clk 0:50:31]} 23. Bxd7 {[%clk
0:32:11]} g5 {[%clk 0:50:26]} 24. f4 {[%clk 0:29:27]} gxf4 {[%clk 0:48:28]} 25.
gxf4 {[%clk 0:29:48]} Bxf4 {[%clk 0:48:53]} 26. Nf6+ {[%clk 0:29:55]} Kf8 {[%clk
0:49:03]} 27. Bf5 {[%clk 0:28:07]} Bxh2 {[%clk 0:49:01]} 28. Nxh7+ {[%clk
0:27:45]} Ke7 {[%clk 0:49:23]} 29. Ng5 {[%clk 0:28:07]} Nc6 {[%clk 0:49:46]} 30.
Nf3 {[%clk 0:26:42]} Bf4 {[%clk 0:48:58]} 31. Ke2 {[%clk 0:18:55]} Kd6 {[%clk
0:49:22]} 32. Kd1 {[%clk 0:16:41]} b5 {[%clk 0:47:59]} 33. a3 {[%clk 0:13:44]} a5
{[%clk 0:48:04]} 34. Kc2 {[%clk 0:13:20]} f6 {[%clk 0:46:54]} 35. Bg6 {[%clk
0:11:44]} Kd7 {[%clk 0:44:37]} 36. Bf7 {[%clk 0:10:45]} Be5 {[%clk 0:43:14]} 37.
Bd5 {[%clk 0:10:45]} Ne7 {[%clk 0:42:54]} 38. Bf7 {[%clk 0:10:32]} Nc8 {[%clk
0:41:33]} 39. Ne1 {[%clk 0:05:02]} Bd6 {[%clk 0:41:34]} 40. a4 {[%clk 0:34:35]}
bxa4 {[%clk 1:11:56]} 41. bxa4 {[%clk 0:35:01]} Nb6 {[%clk 1:12:20]} 1/2-1/2

[Event "Baku Chess Olympiad | Open"]
[Site "chess24.com"]
[Date "2016.09.03"]
[Round "2"]
[White "Bashirli, Nail"]
[Black "Zhigalko, Andrey"]
[Result "1/2-1/2"]
[Board "2"]
[WhiteID "13406809"]
[WhiteElo "2387"]
[WhiteTitle "FM"]
[WhiteCountry "AZE"]
[WhiteFideId "13406809"]
[WhiteEloChange "5"]
[BlackID "13502247"]
[BlackElo "2591"]
[BlackTitle "GM"]
[BlackCountry "BLR"]
[BlackFideId "13502247"]
[BlackEloChange "-3"]

1. e4 {[%clk 1:30:57]} c5 {[%clk 1:30:57]} 2. Nf3 {[%clk 1:31:20]} d6 {[%clk
1:31:22]} 3. d4 {[%clk 1:31:39]} cxd4 {[%clk 1:31:49]} 4. Nxd4 {[%clk 1:31:59]}
Nf6 {[%clk 1:32:12]} 5. Nc3 {[%clk 1:32:26]} a6 {[%clk 1:32:36]} 6. Bc4 {[%clk
1:32:54]} e6 {[%clk 1:32:48]} 7. Bb3 {[%clk 1:33:14]} Be7 {[%clk 1:32:46]} 8. g4
{[%clk 1:32:12]} O-O {[%clk 1:32:48]} 9. g5 {[%clk 1:21:16]} Nfd7 {[%clk
1:33:08]} 10. h4 {[%clk 1:21:27]} Nc5 {[%clk 1:29:28]} 11. Be3 {[%clk 1:17:00]}
b5 {[%clk 1:24:25]} 12. a3 {[%clk 1:08:30]} Bb7 {[%clk 1:17:53]} 13. f3 {[%clk
1:08:03]} Nxb3 {[%clk 1:14:09]} 14. cxb3 {[%clk 1:07:45]} Nc6 {[%clk 1:11:24]}
15. Qe2 {[%clk 0:53:12]} Nxd4 {[%clk 0:43:56]} 16. Bxd4 {[%clk 0:53:33]} e5
{[%clk 0:41:15]} 17. Be3 {[%clk 0:50:10]} Rc8 {[%clk 0:41:04]} 18. b4 {[%clk
0:41:57]} f5 {[%clk 0:26:38]} 19. gxf6 {[%clk 0:40:58]} Rxf6 {[%clk 0:18:05]} 20.
O-O-O {[%clk 0:34:43]} Qf8 {[%clk 0:16:10]} 21. Bg5 {[%clk 0:24:37]} Rg6 {[%clk
0:16:32]} 22. Qe3 {[%clk 0:23:00]} h6 {[%clk 0:11:51]} 23. Bxe7 {[%clk 0:22:54]}
Qxe7 {[%clk 0:12:19]} 24. Kb1 {[%clk 0:15:40]} Rf8 {[%clk 0:10:07]} 25. Rd3
{[%clk 0:09:48]} Rf7 {[%clk 0:08:33]} 26. Ka1 {[%clk 0:07:50]} Qf8 {[%clk
0:07:45]} 27. Rf1 {[%clk 0:07:34]} Kh7 {[%clk 0:06:09]} 28. Rc1 {[%clk 0:06:19]}
Rgf6 {[%clk 0:05:38]} 29. Rf1 {[%clk 0:06:28]} Rf4 {[%clk 0:05:10]} 30. h5 {[%clk
0:06:24]} R7f6 {[%clk 0:04:27]} 31. Rdd1 {[%clk 0:02:04]} Qf7 {[%clk 0:02:33]}
32. Qa7 {[%clk 0:01:07]} Rxf3 {[%clk 0:02:21]} 33. Rg1 {[%clk 0:00:46]} Rh3
{[%clk 0:00:31]} 34. Rg6 {[%clk 0:00:51]} Rf1 {[%clk 0:00:31]} 35. Rxd6 {[%clk
0:00:50]} Rxc3 {[%clk 0:00:34]} 36. bxc3 {[%clk 0:00:57]} Qb3 {[%clk 0:00:34]}
37. Qxb7 {[%clk 0:00:58]} Rxd1+ {[%clk 0:00:37]} 38. Rxd1 {[%clk 0:01:24]} Qxd1+
{[%clk 0:01:00]} 39. Kb2 {[%clk 0:01:51]} Qe2+ {[%clk 0:00:33]} 40. Kc1 {[%clk
0:30:58]} Qxh5 {[%clk 0:30:36]} 41. Qxa6 {[%clk 0:31:05]} Qe2 {[%clk 0:23:30]}
42. a4 {[%clk 0:28:13]} Qe3+ {[%clk 0:17:23]} 43. Kb2 {[%clk 0:23:51]} Qd2+
{[%clk 0:15:41]} 44. Kb3 {[%clk 0:22:23]} Qd1+ {[%clk 0:15:36]} 45. Ka3 {[%clk
0:21:27]} Qc1+ {[%clk 0:15:37]} 46. Kb3 {[%clk 0:21:48]} Qb1+ {[%clk 0:14:59]}
47. Ka3 {[%clk 0:22:14]} bxa4 {[%clk 0:13:44]} 48. Kxa4 {[%clk 0:19:43]} Qxe4
{[%clk 0:06:39]} 49. c4 {[%clk 0:16:25]} h5 {[%clk 0:07:01]} 50. c5 {[%clk
0:16:24]} h4 {[%clk 0:07:19]} 51. Qe6 {[%clk 0:16:27]} Qf3 {[%clk 0:02:12]} 52.
c6 {[%clk 0:15:56]} h3 {[%clk 0:02:05]} 53. c7 {[%clk 0:15:25]} Qa8+ {[%clk
0:02:19]} 54. Kb3 {[%clk 0:15:44]} Qf3+ {[%clk 0:02:36]} 55. Kc4 {[%clk 0:15:41]}
Qe2+ {[%clk 0:01:15]} 56. Kc5 {[%clk 0:13:30]} Qc2+ {[%clk 0:01:35]} 57. Kd6
{[%clk 0:13:34]} h2 {[%clk 0:01:37]} 58. Qh3+ {[%clk 0:12:37]} Kg6 {[%clk
0:02:02]} 59. Qg4+ {[%clk 0:12:43]} Kf6 {[%clk 0:00:55]} 60. Qe6+ {[%clk
0:11:34]} Kg5 {[%clk 0:01:23]} 61. Qxe5+ {[%clk 0:11:38]} Kh4 {[%clk 0:00:37]}
62. Qf4+ {[%clk 0:09:40]} Kh3 {[%clk 0:00:42]} 63. Qf3+ {[%clk 0:09:40]} Kh4
{[%clk 0:01:07]} 64. b5 {[%clk 0:06:48]} g5 {[%clk 0:01:06]} 65. b6 {[%clk
0:04:47]} g4 {[%clk 0:01:31]} 66. Qd5 {[%clk 0:04:46]} g3 {[%clk 0:00:50]} 67. b7
{[%clk 0:04:14]} Qg6+ {[%clk 0:01:07]} 68. Kd7 {[%clk 0:04:10]} Qg7+ {[%clk
0:00:49]} 69. Kc8 {[%clk 0:03:56]} g2 {[%clk 0:00:46]} 70. b8Q {[%clk 0:02:22]}
g1Q {[%clk 0:00:46]} 71. Qb4+ {[%clk 0:01:55]} Q7g4+ {[%clk 0:00:35]} 72. Qxg4+
{[%clk 0:02:07]} Qxg4+ {[%clk 0:00:43]} 73. Kb7 {[%clk 0:00:58]} Qb4+ {[%clk
0:00:57]} 74. Kc6 {[%clk 0:01:00]} Qc3+ {[%clk 0:01:06]} 75. Kd7 {[%clk 0:01:08]}
Qh3+ {[%clk 0:01:01]} 76. Kd8 {[%clk 0:01:31]} 1/2-1/2

[Event "Baku Chess Olympiad | Open"]
[Site "chess24.com"]
[Date "2016.09.03"]
[Round "2"]
[White "Taalaibekov, Tagir"]
[Black "Sebenik, Matej"]
[Result "0-1"]
[Board "4"]
[WhiteID "13801163"]
[WhiteElo "2223"]
[WhiteCountry "KGZ"]
[WhiteFideId "13801163"]
[WhiteEloChange "-3"]
[BlackID "14602296"]
[BlackElo "2526"]
[BlackTitle "GM"]
[BlackCountry "SLO"]
[BlackFideId "14602296"]
[BlackEloChange "1"]

1. d4 {[%clk 1:30:56]} Nf6 {[%clk 1:30:53]} 2. Nf3 {[%clk 1:31:21]} g6 {[%clk
1:31:04]} 3. Bf4 {[%clk 1:31:01]} Bg7 {[%clk 1:31:21]} 4. Nc3 {[%clk 1:29:27]} d5
{[%clk 1:30:35]} 5. e3 {[%clk 1:29:34]} O-O {[%clk 1:30:43]} 6. h4 {[%clk
1:28:11]} c5 {[%clk 1:20:45]} 7. Be2 {[%clk 1:23:59]} Nc6 {[%clk 1:18:00]} 8. Ne5
{[%clk 1:20:58]} cxd4 {[%clk 1:05:24]} 9. exd4 {[%clk 1:18:49]} Qb6 {[%clk
1:05:45]} 10. Nxc6 {[%clk 1:18:14]} bxc6 {[%clk 1:06:10]} 11. Na4 {[%clk
1:14:43]} Qa5+ {[%clk 1:06:33]} 12. c3 {[%clk 1:13:55]} Nd7 {[%clk 1:06:39]} 13.
O-O {[%clk 0:48:28]} e5 {[%clk 0:59:51]} 14. dxe5 {[%clk 0:44:43]} Nxe5 {[%clk
1:00:14]} 15. Re1 {[%clk 0:44:53]} Re8 {[%clk 0:53:39]} 16. b4 {[%clk 0:33:47]}
Qd8 {[%clk 0:52:27]} 17. Bg5 {[%clk 0:33:26]} Qc7 {[%clk 0:45:51]} 18. Nc5 {[%clk
0:25:26]} Bf5 {[%clk 0:43:32]} 19. Qd2 {[%clk 0:23:24]} a5 {[%clk 0:35:11]} 20.
a3 {[%clk 0:23:48]} Nd7 {[%clk 0:29:37]} 21. Nxd7 {[%clk 0:20:57]} Qxd7 {[%clk
0:29:54]} 22. Be3 {[%clk 0:20:33]} h5 {[%clk 0:27:21]} 23. Bf1 {[%clk 0:15:45]}
Re4 {[%clk 0:17:33]} 24. g3 {[%clk 0:09:30]} Bh3 {[%clk 0:09:26]} 25. Bd3 {[%clk
0:04:07]} Ree8 {[%clk 0:05:08]} 26. Bb6 {[%clk 0:04:02]} axb4 {[%clk 0:05:21]}
27. axb4 {[%clk 0:04:14]} Rxa1 {[%clk 0:04:14]} 28. Rxa1 {[%clk 0:04:43]} Qe6
{[%clk 0:02:56]} 29. Kh2 {[%clk 0:02:06]} Bg4 {[%clk 0:02:47]} 30. Be3 {[%clk
0:01:47]} Bf3 {[%clk 0:02:13]} 31. Bf1 {[%clk 0:01:32]} Be5 {[%clk 0:01:42]} 32.
Bd4 {[%clk 0:00:55]} Qf6 {[%clk 0:01:16]} 33. Bxe5 {[%clk 0:01:12]} Qxe5 {[%clk
0:01:28]} 34. Rc1 {[%clk 0:00:52]} Kh7 {[%clk 0:01:34]} 35. c4 {[%clk 0:00:33]}
d4 {[%clk 0:01:08]} 36. b5 {[%clk 0:00:36]} cxb5 {[%clk 0:01:28]} 37. cxb5 {[%clk
0:01:04]} Bb7 {[%clk 0:01:46]} 38. Bg2 {[%clk 0:00:38]} Bxg2 {[%clk 0:01:30]} 39.
Kxg2 {[%clk 0:01:07]} Qd5+ {[%clk 0:01:49]} 40. Kg1 {[%clk 0:30:44]} d3 {[%clk
0:32:07]} 41. Re1 {[%clk 0:00:38]} Rxe1+ {[%clk 0:31:59]} 42. Qxe1 {[%clk
0:01:07]} Qxb5 {[%clk 0:32:13]} 43. Qd2 {[%clk 0:00:38]} Qd5 {[%clk 0:31:31]} 44.
Kh2 {[%clk 0:00:34]} Kg7 {[%clk 0:26:29]} 45. Qb2+ {[%clk 0:00:34]} Kg8 {[%clk
0:26:52]} 46. Qd2 {[%clk 0:00:36]} Qf3 {[%clk 0:27:02]} 47. Qb2 {[%clk 0:00:31]}
Qe2 {[%clk 0:14:12]} 48. Qf6 {[%clk 0:00:59]} d2 {[%clk 0:02:59]} 49. Qd8+ {[%clk
0:01:26]} Kg7 {[%clk 0:03:10]} 50. Qd4+ {[%clk 0:01:52]} Kh7 {[%clk 0:02:12]} 51.
Qf6 {[%clk 0:01:55]} Qc4 {[%clk 0:01:07]} 52. Qd8 {[%clk 0:01:00]} Qc3 {[%clk
0:01:10]} 53. Qd5 {[%clk 0:00:59]} Kg7 {[%clk 0:01:19]} 54. Kg2 {[%clk 0:00:43]}
Qb4 {[%clk 0:00:51]} 55. Qe5+ {[%clk 0:00:31]} Kf8 {[%clk 0:00:52]} 56. Qh8+
{[%clk 0:00:34]} Ke7 {[%clk 0:01:15]} 57. Qe5+ {[%clk 0:00:49]} Kd7 {[%clk
0:01:42]} 58. Qd5+ {[%clk 0:00:45]} Kc8 {[%clk 0:01:42]} 59. Kh2 {[%clk 0:00:34]}
Qc3 {[%clk 0:01:35]} 60. Qa8+ {[%clk 0:00:45]} Kc7 {[%clk 0:01:59]} 61. Qa7+
{[%clk 0:00:54]} Kc6 {[%clk 0:02:13]} 62. Qa8+ {[%clk 0:00:58]} Kc5 {[%clk
0:02:23]} 63. Qa7+ {[%clk 0:00:40]} Kb4 {[%clk 0:02:46]} 64. Qe7+ {[%clk
0:00:32]} Qc5 {[%clk 0:02:00]} 65. Qe4+ {[%clk 0:00:46]} Kc3 {[%clk 0:02:20]} 0-1